The atlas of emergency medicine (Record no. 82)

000 -LEADER
fixed length control field 03846cam a2200445Ii 4500
001 - CONTROL NUMBER
control field 950464351
003 - CONTROL NUMBER IDENTIFIER
control field OCoLC
005 - DATE AND TIME OF LATEST TRANSACTION
control field 20241110210040.0
006 - FIXED-LENGTH DATA ELEMENTS--ADDITIONAL MATERIAL CHARACTERISTICS
fixed length control field m o d
007 - PHYSICAL DESCRIPTION FIXED FIELD--GENERAL INFORMATION
fixed length control field cr un|||||||||
008 - FIXED-LENGTH DATA ELEMENTS--GENERAL INFORMATION
fixed length control field 160524t20162016nyua o 000 0 eng d
020 ## - INTERNATIONAL STANDARD BOOK NUMBER
International Standard Book Number 9780071797252
020 ## - INTERNATIONAL STANDARD BOOK NUMBER
International Standard Book Number 0071797254
028 50 - PUBLISHER OR DISTRIBUTOR NUMBER
Publisher or distributor number 0071797254
Source MHID
035 ## - SYSTEM CONTROL NUMBER
System control number (OCoLC)950464351
040 ## - CATALOGING SOURCE
Original cataloging agency VTM
Language of cataloging eng
Description conventions rda
Transcribing agency VTM
Modifying agency VTM
-- UIU
-- USU
049 ## - LOCAL HOLDINGS (OCLC)
Holding library YYEA
-- VZYM
080 ## - UNIVERSAL DECIMAL CLASSIFICATION NUMBER
Universal Decimal Classification number 61
Item number A-90
100 ## - MAIN ENTRY--PERSONAL NAME
9 (RLIN) 89
Personal name Kevin J. Knoop
Numeration Editor
245 04 - TITLE STATEMENT
Title The atlas of emergency medicine
Statement of responsibility, etc. editors, Kevin J. Knoop, Lawrence B. Stack, Alan B. Storrow, R. Jason Thurman.
250 ## - EDITION STATEMENT
Edition statement 4th ed.
260 ## - PUBLICATION, DISTRIBUTION, ETC.
Place of publication, distribution, etc. New York :
Name of publisher, distributor, etc. McGraw-Hill Medical,
Date of publication, distribution, etc. [2016]
260 ## - PUBLICATION, DISTRIBUTION, ETC.
Date of publication, distribution, etc. ©2016.
300 ## - PHYSICAL DESCRIPTION
Extent xxxi, 971 pages :
Other physical details illustrations (chiefly color)
365 ## - TRADE PRICE
Price amount 14.61 usd
505 0# - FORMATTED CONTENTS NOTE
Formatted contents note Part 1: Regional anatomy -- Head and facial trauma / David W. Munter -- Ophthalmic conditions / Frank Birinyi, Thomas F. Mauger, and Andrew Hendershot -- Funduscopic findings / David Effron, Beverly C. Forcier, and Richard E. Wyszynski -- Ophthalmic conditions / Christopher S. Weaver and Kevin J. Knoop -- Ear, nose, and throat conditions / Edward C. Jauch, David R. White, and Kevin J. Knoop -- Oral conditions / Edward C. Jauch and James W. Howell -- Chest and abdomen / Stephen W. Corbett, Lawrence B. Stack, and Kevin J. Knoop -- Urologic conditions / Jeffery D. Bondesson -- Sexually transmitted infections and anorectal conditions / Suzanne Dooley-Hash and Brian R. Sharp -- Gynecologic and obstetric conditions / Suzanne Dooley-Hash, Sean A. Lisse, and Kevin J. Knoop -- Extremity trauma / Neha P. Raukar, George J. Raukar, and Daniel L. Savitt -- Extremity conditions / Robert J. Tubbs, Daniel L. Savitt, and Selim Suner -- Cutaneous conditions / J. Matthew Hardin -- Part 2: Specialty areas -- Pediatric conditions / Brad Sobolewski, Matthew R. Mittiga, Javier A. Gonzalez del Rey -- Child abuse / Kathi L. Makoroff, Daniel M. Lindberg, Marguerite M. Care -- Environmental conditions / Ken Zafren, R. Jason Thurman, Ian D. Jones -- Toxicological conditions / Saralyn R. Williams, Matthew D. Sztajnkrycer, R. Jason Thurman -- Wounds and soft tissue injuries / Chan W. Park, Michael L. Juliano, Dana Woodhall -- Clinical forensic medicine / William S. Smock, Lawrence B. Stack -- HIV conditions / Stephen P. Raffanti, Anna K. Person -- Tropical medicine / Seth W. Wright, Andrew N. Pfeffer -- Airway / Steven J. White, Richard M. Levitan, Kevin High, Lawrence B. Stack -- ECG abnormalities / James V. Ritchie, Michael L. Juliano, R. Jason Thurman -- Emergency ultrasound / Jeremy S. Boyd, Jordan D. Rupp, Robinson M. Ferre -- MIcroscopic findings / Brett Bechtel.
520 ## - SUMMARY, ETC.
Summary, etc. "The 4th Edition of the Atlas of Emergency Medicine has been completely revised by the four editors as well as expert emergency physician contributors from across the specialty. It now contains 1500 full color photographs, electrocardiograms, and radiographs, 500 newly chosen for this 4th Edition ... This 4th edition of the Atlas, for the first time, also provides access to videos to help improve the diagnostic capabilities of the clinician and complement the static photographic images."--Foreword.
650 12 - SUBJECT ADDED ENTRY--TOPICAL TERM
Topical term or geographic name entry element Emergency Medicine
Form subdivision Atlases.
650 10 - SUBJECT ADDED ENTRY--TOPICAL TERM
Topical term or geographic name entry element Medicine
9 (RLIN) 69
650 22 - SUBJECT ADDED ENTRY--TOPICAL TERM
Topical term or geographic name entry element Critical Care
Form subdivision Atlases.
650 22 - SUBJECT ADDED ENTRY--TOPICAL TERM
Topical term or geographic name entry element Emergencies
Form subdivision Atlases.
653 ## - INDEX TERM--UNCONTROLLED
Uncontrolled term მედიცინა
653 ## - INDEX TERM--UNCONTROLLED
Uncontrolled term გადაუდებელი მედიცინა
700 1# - ADDED ENTRY--PERSONAL NAME
Personal name Knoop, Kevin J.
700 1# - ADDED ENTRY--PERSONAL NAME
Personal name Stack, Lawrence B.
700 1# - ADDED ENTRY--PERSONAL NAME
Personal name Storrow, Alan B.
700 1# - ADDED ENTRY--PERSONAL NAME
Personal name Thurman, R. Jason
Fuller form of name (Robert Jason)
776 08 - ADDITIONAL PHYSICAL FORM ENTRY
Relationship information Print version:
Title Atlas of emergency medicine.
Edition Fourth edition.
Place, publisher, and date of publication New York : McGraw-Hill Medical, [2016]
International Standard Book Number 9780071797252
Record control number (DLC) 2015011035
-- (OCoLC)905600445.
942 ## - ADDED ENTRY ELEMENTS (KOHA)
Source of classification or shelving scheme
Koha item type Books
Edition 4
Holdings
Withdrawn status Lost status Source of classification or shelving scheme Damaged status Not for loan Permanent location Current location Date acquired Inventory number Full call number Barcode Date last seen Price effective from Koha item type Total Checkouts
          Ken Walker International University Ken Walker International University 11/06/2020 93 61 A-90 93 11/06/2020 11/06/2020 Books  
          Ken Walker International University Ken Walker International University 11/18/2020 1204 61 A-90 1204 11/18/2020 11/18/2020 Books  
          Ken Walker International University Ken Walker International University 11/18/2020 1199 61 A-90 1199 11/18/2020 11/18/2020 Books  

Powered by Koha